Bilecik Bilecik Bilecik Bilecik Bilecik

The Palgrave Handbook of Global Counterterrorism Policy/ (Record no. 71897)

MARC details
000 -BAŞLIK
Sabit Uzunluktaki Kontrol Alanı 01485nam a22004457a 4500
001 - KONTROL NUMARASI
Control Dosyası 0071149
003 - KONTROL NUMARASI KİMLİĞİ
Kontrol Alanı KOHA_MİRAKIL
005 - EN SON İŞLEM TARİHİ ve ZAMANI
Kontrol Alanı 20260207004956.0
007 - FİZİKSEL TANIM SABİT ALAN - GENEL BİLGİ
Sabit uzunluklu kontrol alanı ta
008 - SABİT UZUNLUKTAKİ VERİ ÖGELERİ - GENEL BİLGİ
Sabit Alan 240627b2017 tu |||gr||||#0|||0|tur |
020 ## - ISBN - ULUSLARARASI STANDART KİTAP NUMARASI
Isbn 9781137557681
040 ## - KATALOGLAMA KAYNAĞI
Özgün Kataloglama Kurumu TR-BiSEU
Kataloglama Dili tur
Çeviri Kurumu TR-BiSEU
Açıklama Kuralları rda
041 0# - DİL KODU
Metin ya da ses kaydının dil kodu tur
044 ## - YAYINLAYAN/ÜRETEN KURULUŞUN ÜLKE KODU
ISO country code tu
050 ## - SINIFLAMA ve YER NUMARASI
Sınıflama Numarası HV6431
Yer Numarası .P35 2017
245 04 - ESER ADI BİLDİRİMİ
Başlık The Palgrave Handbook of Global Counterterrorism Policy/
Sorumluluk Bildirimi Edited by Scott Nicholas Romaniuk, Francis Grice, Daniela Irrera, Stewart Webb.
264 #1 - ÜRERİM, YAYIN, DAĞITIM ve TELİF BİLDİRİMİ
Yayın yeri London :
Yayınlayan Palgrave Macmillan
Yayın tarihi 2017
300 ## - FİZİKSEL TANIMLAMA
Sayfa, Cilt vb. volumed; 24 cm.
336 ## - İÇERİK TÜRÜ
Content type term metin
Content type code txt
Source rdacontent
337 ## - MEDYA TÜRÜ
Media type term aracısız
Media type code n
Source rdamedia
338 ## - TAŞIYICI TÜRÜ
Carrier type term cilt
Carrier type code nc
Source rdacarrier
500 ## - GENEL NOT
Genel Not Includeces index.
500 ## - GENEL NOT
Genel Not Includes bibliography at the end of the chapter.
650 #0 - KONU BAŞLIĞI EK GİRİŞ - KONU TERİMİ
Konusal terim veya coğrafi ad Political science.
9 (RLIN) 8744
650 #0 - KONU BAŞLIĞI EK GİRİŞ - KONU TERİMİ
Konusal terim veya coğrafi ad World politics.
9 (RLIN) 4773
650 #0 - KONU BAŞLIĞI EK GİRİŞ - KONU TERİMİ
Konusal terim veya coğrafi ad Terrorism.
9 (RLIN) 8656
650 #0 - KONU BAŞLIĞI EK GİRİŞ - KONU TERİMİ
Konusal terim veya coğrafi ad Political Science and International Relations.
9 (RLIN) 139689
650 #0 - KONU BAŞLIĞI EK GİRİŞ - KONU TERİMİ
Konusal terim veya coğrafi ad Terrorism and Political Violence.
9 (RLIN) 139690
650 #0 - KONU BAŞLIĞI EK GİRİŞ - KONU TERİMİ
Konusal terim veya coğrafi ad Foreign Policy.
9 (RLIN) 51577
650 #0 - KONU BAŞLIĞI EK GİRİŞ - KONU TERİMİ
Konusal terim veya coğrafi ad Political History.
9 (RLIN) 139691
650 #0 - KONU BAŞLIĞI EK GİRİŞ - KONU TERİMİ
Konusal terim veya coğrafi ad Politika Bilimi.
9 (RLIN) 9028
650 #0 - KONU BAŞLIĞI EK GİRİŞ - KONU TERİMİ
Konusal terim veya coğrafi ad Dünya siyaseti.
9 (RLIN) 124856
650 #0 - KONU BAŞLIĞI EK GİRİŞ - KONU TERİMİ
Konusal terim veya coğrafi ad Terörizm.
9 (RLIN) 6805
650 #0 - KONU BAŞLIĞI EK GİRİŞ - KONU TERİMİ
Konusal terim veya coğrafi ad Siyasi bilimler ve Uluslararası İlişkiler.
9 (RLIN) 139692
650 #0 - KONU BAŞLIĞI EK GİRİŞ - KONU TERİMİ
Konusal terim veya coğrafi ad Terörizm ve Siyasi Şiddet.
9 (RLIN) 139693
650 #0 - KONU BAŞLIĞI EK GİRİŞ - KONU TERİMİ
Konusal terim veya coğrafi ad Dış politika.
9 (RLIN) 50100
650 #0 - KONU BAŞLIĞI EK GİRİŞ - KONU TERİMİ
Konusal terim veya coğrafi ad Siyasi Tarih.
9 (RLIN) 139694
907 ## - LOCAL DATA ELEMENT G, LDG (RLIN)
a Terörizm
942 ## - EK GİRİŞ ÖGELERİ (KOHA)
Source of classification or shelving scheme Library of Congress Classification
Koha item type Book
Holdings
Materyal Türü Kalıcı Konum Mevcut Konum Raf Yeri Sınıflandırma Kaynağı Edinim Bilgisi Ana Konular Alt Konular Yer Numarası Cilt Bilgisi Demirbaş Numarası Fatura Tarihi Geri Çekilme Durumu Kayıp Durumu Hasarlı Durumu Kredi için değil Kayıt Tarih Toplam Ödünçverme Son Görülme Tarihi Son Kontrol Tarihi Genel / Bağış Notu
Book Prof. Dr. Azmi Özcan Kütüphanesi Prof. Dr. Azmi Özcan Kütüphanesi Uluğbey Salonu Library of Congress Classification Bağış SOSYAL BİLİMLER Sosyal Patoloji, Sosyal ve Kamu Refahı, Kriminoloji HV6431 .P35 2017 c.2 0071149 02/02/2026         27/06/2024   17/03/2025 17/03/2025 Genel Bağış